000 00494nam a22001817a 4500
003 MPLRDC
005 20220104142501.0
008 210129b ||||| |||| 00| 0 eng d
020 _a978-7-5473-0302-3
082 _a541.2131 HHSX
100 _a河合隼雄,村上春树
245 _a村上春树,去见河合隼雄
_c吕千舒 译
250 _a一版一刷
260 _a中国
_b东方出版中心
_c2011
300 _b150
650 _a文化--日本
942 _cBK
_o541.2131 HHSX
999 _c31264
_d31254